000 00492nam a22001817a 4500
999 _c157874
_d157874
005 20181006145836.0
010 _aENG-124196
020 _a9789386050939
_c350.00
035 _aEN-107728
037 _bDABD/PUB
082 _aN
100 _aVikramajit Ram
245 _aThe sun and two seas /
_cby Vikramajit Ram
260 _aNew Delhi
_bSpeaking Tiger
_c2016
270 _a4381/4 Ansari Road, Daryaganj,
_bNew Delhi
_e10002
300 _a265p.
_c21cm(pbk)
942 _2ddc
_cEN
_mVIK
_hN